000 00287nam a22001337a 4500
008 170713b xxu||||| |||| 00| 0 eng d
020 _a0130004499
041 _aeng
080 _24TH
_a101
100 _a24
101 _aFIL
245 _aABOUT PHILOSOPHY
_cWOLFF,R.P
942 _2udc
_cBK
999 _c20636
_d20636